| 000 | 01009nam a22002417a 4500 | ||
|---|---|---|---|
| 999 |
_c17840 _d17840 |
||
| 003 | AR-CdUCM | ||
| 008 | 190509b ||||| |||| 00| 0 spa d | ||
| 040 |
_aMUNICIPALIDAD PROVINCIAL DEL CUSCO _cBIBLIOTECA MUNICIPAL DEL CUSCO |
||
| 041 | _heng | ||
| 082 |
_a384 / _bM51 |
||
| 100 |
_aMcQuail, Denis _938021 |
||
| 245 | _aSociología de los medios masivos de comunicación / | ||
| 260 |
_aBuenos Aires : _bPaidos, _c1969. |
||
| 300 |
_a165 Páginas ; _c23 cm. |
||
| 440 |
_aBiblioteca de psicología social y sociología ; _938022 |
||
| 505 | _aContenido: Los medios masivos de comunicación y la sociedad moderna -- Sociedad de masas, cultura de masas y medios masivos de comunicación -- La tradición empírica en la sociología de los medios de comunicación masiva... | ||
| 650 |
_aComunicación masiva _96609 |
||
| 650 |
_aMedios _92561 |
||
| 650 |
_aSociología de la comunicación _938023 |
||
| 700 |
_aKutnoswsky, Silvia (traductor) _938024 |
||
| 942 |
_2ddc _cLIBROS |
||
| 945 |
_aacv _d2019-05-09 |
||